000 00567nam a22002052 4500
001 0000019707
005 20151217145919.0
008 110121s xx 000 0 eng d
020 _a9966498192 :
040 _aKABU
_cKABU
100 1 _aMulwa, David.
_@0000156761
245 1 0 _aRedemption /
_cDavid Mulwa.
250 _a1st ed.
260 _aNairobi, Kenya :
_bLonghorn,
_c1990.
300 _a119 p.
650 0 _aKenya literature (English)
_@0000179616
852 1 _9p250 KES
908 _a110121
950 _@1
999 _c4000
_d4000